000 01175nam a2200289 a 4500
008 110909s1982 ag a|||f |||| 001 0 spa d
020 _aS/N
041 _aspa
092 _c611
_l10
_sCAS
100 1 _aCasiraghi, Juan Carlos
_9671
245 1 _aAnatomía del Cuerpo Humano. Funcional y Quirúrgica.
_b T.1 Sistemas Osteoarticulomusculares Funcionales /
_cJuan Carlos Casiraghi
250 _a1a ed.
260 _aBuenos Aires:
_bUrsino;
_c1982.
300 _a213 p.
_bil.
500 _aCasiraghi, J. C. (1982). Anatomía del Cuerpo Humano. Funcional y Quirúrgica. T.1 Sistemas Osteoarticulomusculares Funcionales. (1a ed.). Buenos Aires : Ursino.
653 _aSistema de la posición erecta
653 _aSistema de la respiración
653 _aSistema de la masticación
653 _aSistema de la mímica
653 _aSistema de la cervicocefalogiria
653 _aSistema de la defensa y prehensión
653 _aSistema de bipedestación, equilibrio y marcha
653 _aSistema de la movilidad del muslo o de la cadera
653 _aSistema de la evacuación y contención
653 _aSistema de la contención neurosensorial
942 _2ddc
_cBK
999 _c939
_d939